Countries that have ever defeated Germany in a war - Statistics

General Stats
  • This quiz has been taken 37 times
  • The average score is 14 of 19
Answer Stats
Year Country % Correct
1918,1945 United Kingdom
100%
1918,1945 United States
100%
1214,1648,1678,1684,1791,1797,1918,1945 France
97%
1918 Italy
97%
1945 Soviet Union
97%
1018,1060,1109 Poland
91%
985* Norway
85%
1918 Belgium
79%
1852 Denmark
79%
1648 Sweden
79%
1031,1046,1052,1488 Hungary
76%
1945 Canada
74%
1648 Netherlands
74%
1918 Portugal
74%
1945 Australia
62%
1918 Japan
62%
1140 Czechia
53%
1499 Old Swiss Confederacy
53%
1046 Kievan Rus
3%
No matching quizzes found
Score Distribution
Percent of People with Each Score
Percentile by Number Answered
Your Score History
You have not taken this quiz